{"text_format":"3","workbook":"xlsx","n_sheets":3,"sheets":["Hoja1","Hoja2","Hoja3"],"read":"whole","date_system":"1900"}

{"sheet":"Hoja1","index":0,"n_rows":187,"n_cols":12,"rows_kept":187,"merged":[[2,1,2,11],[3,1,3,11],[4,1,4,11]]}
[]
[]
[null,"Hospital General De Especialidades Dr. Mario Tolentino Dipp"]
[null,"Inventario De Laboratorio"]
[null,"Al 30 de Noviembre del 2025"]
[null,"Fecha","Fecha","Codigo "]
[null,"de aquisicion","Registro","Institucional","Reactivos O Materiales","Presentacion","Existencia","Cja","Und","Paq","Costo","Total"]
[null,"2024-07-25","2024-07-29","HEMATOLOGIA","ACTIVATED PARTIAL THROMBOPLASTIN TIME ","UNIDADES",0,null,"UD",null,{"v":11895,"d":"11,895.00"},{"$f":"G8*K8","v":0}]
[null,"2024-12-13","2024-12-16","HEMATOLOGIA","CALCIUM CHLORIDE SOLUTION","UNIDADES",20,null,"UD",null,{"v":532,"d":"532.00"},{"v":10640,"d":"10,640.00"}]
[null,"2024-12-13","2024-12-16","HEMATOLOGIA","CLEANING SOLUTION I","UNIDADES",40,null,"UD",null,{"v":5899,"d":"5,899.00"},{"v":235960,"d":"235,960.00"}]
[null,"2024-12-20","2024-12-23","HEMATOLOGIA","COLORACION WRIGHT PASO 1","UNIDADES",2,null,"UD",null,927.48,{"v":1854.96,"d":"1,854.96"}]
[null,"2024-10-24","2024-10-28","HEMATOLOGIA","COLORACION WRIGHT PASO 2","UNIDADES",4,null,"UD",null,{"v":2572.8,"d":"2,572.80"},{"v":10291.2,"d":"10,291.20"}]
[null,"2024-10-24","2024-10-28","HEMATOLOGIA","COLORACION WRIGHT PASO 3","UNIDADES",1,null,"UD",null,{"v":3876.3,"d":"3,876.30"},{"v":3876.3,"d":"3,876.30"}]
[null,"2024-07-30","2024-08-02","HEMATOLOGIA","CONTROL DEL DIMERO","UNIDADES",0,null,"UD",null,{"v":27591,"d":"27,591.00"},0]
[null,"2024-05-21","2024-05-24","HEMATOLOGIA","CONTROLES HEMATOLOGÍA 5 PARTES","CAJA DE 6",0,"CJA",null,null,{"v":7200,"d":"7,200.00"},0]
[null,"2024-05-21","2024-05-24","HEMATOLOGIA","CONTROLES HEMATOLOGÍA 6 PARTE","CAJA DE 6",0,"CJA",null,null,{"v":62275,"d":"62,275.00"},0]
[null,"2024-07-30","2024-08-02","HEMATOLOGIA","D-DIMER  CALIBRADOR","UNIDADES",0,null,"UD",null,{"v":27591,"d":"27,591.00"},0]
[null,"2024-07-25","2024-08-02","HEMATOLOGIA","D-DIMER ASSAY KIT","UNIDADES",0,null,"UD",null,{"v":36190,"d":"36,190.00"},0]
[null,"2024-12-20","2025-12-23","HEMATOLOGIA","DS-DILUENT ","UNIDADES",27,null,"UD",null,{"v":5800,"d":"5,800.00"},{"v":156600,"d":"156,600.00"}]
[null,"2025-10-02","2025-10-05","HEMATOLOGIA","FALCEMIA","CAJA DE 4",16,null,null,"PAQ",{"v":9184.5,"d":"9,184.50"},{"v":146952,"d":"146,952.00"}]
[null,"2024-12-19","2024-12-16","HEMATOLOGIA","FIBRINOGENO ASSAY KIT","UNIDADES",0,null,"UD",null,{"v":26561.8,"d":"26,561.80"},0]
[null,"2024-12-20","2025-12-23","HEMATOLOGIA","M-53 DILUENT","UNIDADES",46,null,"UD",null,{"v":8056,"d":"8,056.00"},{"v":370576,"d":"370,576.00"}]
[null,"2024-12-20","2025-12-23","HEMATOLOGIA","M-53 LEO I","UNIDADES",4,null,"UD",null,{"v":10447,"d":"10,447.00"},{"v":41788,"d":"41,788.00"}]
[null,"2024-05-21","2024-05-24","HEMATOLOGIA","M-53 LEO II LYSE","UNIDADES",4,null,"UD",null,{"v":10447,"d":"10,447.00"},{"v":41788,"d":"41,788.00"}]
[null,"2024-05-21","2024-05-24","HEMATOLOGIA","M-53 LH LYSE","UNIDADES",10,null,"UD",null,{"v":16313,"d":"16,313.00"},{"v":163130,"d":"163,130.00"}]
[null,"2024-05-21","2024-05-24","HEMATOLOGIA","M-6DR","UNIDADES",16,null,"UD",null,{"v":10447,"d":"10,447.00"},{"v":167152,"d":"167,152.00"}]
[null,"2024-05-21","2024-05-24","HEMATOLOGIA","M-6LD","UNIDADES",4,null,"UD",null,{"v":43654.1,"d":"43,654.10"},{"v":174616.4,"d":"174,616.40"}]
[null,"2024-05-21","2024-05-24","HEMATOLOGIA","M-6LH   ","UNIDADES",0,null,"UD",null,{"v":46220.6,"d":"46,220.60"},0]
[null,"2024-05-21","2024-05-24","HEMATOLOGIA","M-6LN","UNIDADES",8,null,"UD",null,{"v":42804.5,"d":"42,804.50"},{"v":342436,"d":"342,436.00"}]
[null,"2025-01-16","2025-01-20","HEMATOLOGIA","M 6FDDYE","UNIDADES",25,null,"UD",null,{"v":26840,"d":"26,840.00"},{"v":671000,"d":"671,000.00"}]
[null,"2025-01-16","2025-01-20","HEMATOLOGIA","M 6FN DYE","UNIDADES",26,null,"UD",null,{"v":8220,"d":"8,220.00"},{"v":213720,"d":"213,720.00"}]
[null,"2024-07-25","2024-07-29","HEMATOLOGIA","MICRO TUBOS ERITROSEDIMENTACIÓN","CAJA DE 100",2,"CJA",null,null,{"v":3202.52,"d":"3,202.52"},{"v":6405.04,"d":"6,405.04"}]
[null,"2024-07-25","2024-07-29","HEMATOLOGIA","PORTA TUBOS ERITRO CEDIMENTACION","UNIDADES",1,null,"UD",null,{"v":1602.44,"d":"1,602.44"},{"v":1602.44,"d":"1,602.44"}]
[{"$nulls":3},"HEMATOLOGIA","M6 DR DILUENT","UNIDADES",16,null,"UD",null,null,0]
[{"$nulls":3},"HEMATOLOGIA","PROBE CLEANSE","UNIDADES",26,null,"UD",null,{"v":940,"d":"940.00"},{"v":24440,"d":"24,440.00"}]
[null,"2024-07-25","2024-07-29","HEMATOLOGIA","PROTHROMBIN TIME  REAGENT","CAJA DE 10",0,"CJA",null,null,{"v":9829.4,"d":"9,829.40"},0]
[null,"2024-09-17","2024-09-20","MICROBIOLOGÍA","AMC017 MACCONKEY AGAR","UNIDADES",2,null,"UD",null,{"v":6102,"d":"6,102.00"},{"v":12204,"d":"12,204.00"}]
[null,"2024-12-27","2024-07-29","MICROBIOLOGÍA","CINTA ADHESIVA PARA ESTERILIZACION","UNIDADES",6,null,"UD",null,{"v":240,"d":"240.00"},{"v":1440,"d":"1,440.00"}]
[{"$nulls":3},"MICROBIOLOGÍA","FRASCOS DE HEMOCULTIVO ","CAJA DE 10",160,"CJA",null,null,{"v":222,"d":"222.00"},{"v":35520,"d":"35,520.00"}]
[null,"2024-09-17","2024-09-20","MICROBIOLOGÍA","GC AGAR BASE","UNIDADES",2,null,"UD",null,{"v":10848,"d":"10,848.00"},{"v":21696,"d":"21,696.00"}]
[{"$nulls":3},"MICROBIOLOGÍA","CRISTENSEN MEDIO UREA AGAR","UNIDADES",3,null,"UD",null,null,0]
[{"$nulls":3},"MICROBIOLOGÍA","HEKTOEN ENTERIC AGAR","UNIDADES",2,null,"UD",null,null,0]
[{"$nulls":3},"MICROBIOLOGÍA","PLACA DE PETRI","UNIDADES",4060,null,"UD",null,null,0]
[null,"2025-03-21","2025-03-26","MICROBIOLOGÍA","MUELLER HINTON AGAR ","UNIDADES",4,null,"UD",null,{"v":7854,"d":"7,854.00"},{"v":31416,"d":"31,416.00"}]
[null,"2025-03-24","2024-12-30","MICROBIOLOGÍA","HEMOGLOBIN BOVINE FREEZE-DRIED","UNIDADES",1,null,"UD",null,{"v":9605,"d":"9,605.00"},{"v":9605,"d":"9,605.00"}]
[null,"2024-12-27","2024-09-20","MICROBIOLOGÍA","PLACA DE PETRI","CAJA DE 500  ",0,null,"UD",null,{"v":7238.74,"d":"7,238.74"},0]
[null,"2024-09-17","2024-09-20","MICROBIOLOGÍA","PLACA DE PETRI","UNIDADES",160,"CJA",null,null,{"v":7934.32,"d":"7,934.32"},{"v":1269491.2,"d":"1,269,491.20"}]
[null,"2024-09-17","2024-09-20","MICROBIOLOGÍA","SABOURAD GLUCOSADO AGAR","UNIDADES",2,{"$nulls":3},{"v":15.868,"d":"15.87"},{"v":31.736,"d":"31.74"}]
[null,"2024-09-17","2024-09-20","MICROBIOLOGÍA","SANGRE AGAR BASE CON AZIDA","UNIDADES",2,null,"UD",null,{"v":7684,"d":"7,684.00"},{"v":15368,"d":"15,368.00"}]
[null,"2024-09-17","2024-09-20","MICROBIOLOGÍA","TRANSPORT MEDIUM AMIES","CAJA DE 100",0,null,"UD",null,{"v":7684,"d":"7,684.00"},0]
[null,"2025-05-19","2025-05-22","MICROBIOLOGÍA","CUBETAS DE RAYTO AUTOQUANT","UD",4,null,null,"PAQ",{"v":2527.56,"d":"2,527.56"},{"v":10110.24,"d":"10,110.24"}]
[null,"2025-07-18","2025-07-20","MICROBIOLOGÍA","AMYLASE AUTOQUANT","UD",6,null,"UD",null,{"v":18828,"d":"18,828.00"},{"v":112968,"d":"112,968.00"}]
[null,"2024-09-17","2024-09-20","MICROBIOLOGÍA","UREA AGAR BASE","UNIDADES",2,"CJA",null,null,{"v":2200,"d":"2,200.00"},{"v":4400,"d":"4,400.00"}]
[null,"2024-09-17","2024-10-28","SEROLOGÍA","ALBUMINA BOVINA","UNIDADES",14,null,"UD",null,{"v":6933.68,"d":"6,933.68"},{"v":97071.52,"d":"97,071.52"}]
[null,"2024-10-24","2024-10-28","SEROLOGÍA","ANTI A","UNIDADES",9,null,"UD",null,{"v":707,"d":"707.00"},{"v":6363,"d":"6,363.00"}]
[null,"2024-10-24","2024-12-23","SEROLOGÍA","ANTI B","UNIDADES",10,null,"UD",null,{"v":300,"d":"300.00"},{"v":3000,"d":"3,000.00"}]
[null,"2024-12-18","2024-12-23","SEROLOGÍA","ANTI D","UNIDADES",36,null,"UD",null,{"v":554,"d":"554.00"},{"v":19944,"d":"19,944.00"}]
[null,"2024-12-18","2024-03-22","SEROLOGÍA","ANTIGLOBULINA HUMANA","UNIDADES",20,null,"UD",null,{"v":561,"d":"561.00"},{"v":11220,"d":"11,220.00"}]
[null,"2024-03-20","2024-12-23","SEROLOGÍA","ASO ANTIESTREPTOLISINA O","UNIDADES",15,null,"UD",null,{"v":1107,"d":"1,107.00"},{"v":16605,"d":"16,605.00"}]
[null,"2024-12-20","2024-12-23","SEROLOGÍA","FACTOR REUMATOIDE","UNIDADES",6,null,"UD",null,{"v":1582,"d":"1,582.00"},{"v":9492,"d":"9,492.00"}]
[null,"2024-12-20","2024-12-23","SEROLOGÍA","HCG MEMBRANA","CAJA DE 25",1000,null,"UD",null,{"v":1639,"d":"1,639.00"},{"v":1639000,"d":"1,639,000.00"}]
[null,"2025-11-25","2025-11-26","SEROLOGÍA","PROTEÍNA C REACTIVA PCR","UNIDADES",20,null,"UD",null,{"v":2908,"d":"2,908.00"},{"v":58160,"d":"58,160.00"}]
[null,"2025-11-23","2025-11-25","SEROLOGÍA","RPR KIT CARBON","UNIDADES",15,null,"UD",null,{"v":1808,"d":"1,808.00"},{"v":27120,"d":"27,120.00"}]
[null,"2024-12-20",null,"PRUEBAS ESPECIALES","CLAMIDIA IGG","UNIDADES",4,null,"UD",null,{"v":1190,"d":"1,190.00"},{"v":4760,"d":"4,760.00"}]
[{"$nulls":3},"PRUEBAS ESPECIALES","CLAMIDIA IGM","UNIDADES",0,null,"UD",null,"DONACION",0]
[null,"2024-12-20","2024-12-23","PRUEBAS ESPECIALES","DENGUE IGG IGM MEMBRANA","CAJA DE 40",300,null,"UD",null,"DONACION",0]
[{"$nulls":3},"PRUEBAS ESPECIALES","FOLATO","UNIDADES",0,{"$nulls":3},{"v":160,"d":"160.00"},"   "]
[null,"2025-01-16","2025-01-20","PRUEBAS ESPECIALES","HBSAG MEMBRANA","CAJA DE 40 ",1200,null,"UD",null,"DONACION",0]
[null,"2025-01-16","2025-01-20","PRUEBAS ESPECIALES","HBSAG MEMBRANA","UNIDADES",0,"CJA",null,null,{"v":1458.4,"d":"1,458.40"},{"$f":"G69*K69","v":0}]
[null,"2025-01-16","2024-12-23","PRUEBAS ESPECIALES","HCV MEMBRANA","CAJA DE 40",1150,null,"UD",null,{"v":55,"d":"55.00"},{"v":63250,"d":"63,250.00"}]
[null,"2024-12-18","2024-12-23","PRUEBAS ESPECIALES","HCV MEMBRANA","UNIDADES",0,"CJA",null,null,{"v":2112,"d":"2,112.00"},0]
[null,"2024-12-18","2024-12-23","PRUEBAS ESPECIALES","HIV MEMBRANA","CAJA DE 25",450,null,"UD",null,{"v":52.8,"d":"52.80"},{"v":23760,"d":"23,760.00"}]
[null,"2024-12-18","2024-12-30","PRUEBAS ESPECIALES","INFLUENZA A +B Y COVID 19 MEMBRANA","CAJA DE 25",325,"CJA",null,null,{"v":750,"d":"750.00"},{"v":243750,"d":"243,750.00"}]
[null,"2024-12-27","2025-01-20","PRUEBAS ESPECIALES","MAGLUMI ANTI HCV","CAJA DE 100",8,"CJA",null,null,{"v":24282,"d":"24,282.00"},{"v":194256,"d":"194,256.00"}]
[null,"2025-01-16","2025-01-20","PRUEBAS ESPECIALES","MAGLUMI BHCG",null,0,"CJA",null,null,{"v":23067,"d":"23,067.00"},{"$f":"G75*K75","v":0}]
[{"$nulls":3},"PRUEBAS ESPECIALES","MAGLUMI CA 125",null,0,null,"UD",null,{"v":37810,"d":"37,810.00"},0]
[{"$nulls":3},"PRUEBAS ESPECIALES","MAGLUMI CA 153",null,0,null,"UD",null,{"v":37810,"d":"37,810.00"},0]
[{"$nulls":3},"PRUEBAS ESPECIALES","MAGLUMI CA 19 9",null,1,null,"UD",null,{"v":37810,"d":"37,810.00"},{"v":37810,"d":"37,810.00"}]
[null,null,"2024-07-29","PRUEBAS ESPECIALES","MAGLUMI CEA",null,1,null,"UD",null,{"v":37810,"d":"37,810.00"},{"v":37810,"d":"37,810.00"}]
[null,"2025-05-27","2025-07-29","PRUEBAS ESPECIALES","MAGLUMI HBSAG","CAJA DE 100",3,null,"UD",null,{"v":12142,"d":"12,142.00"},{"v":36426,"d":"36,426.00"}]
[null,"2025-05-27","2025-07-29","PRUEBAS ESPECIALES","MAGLUMI HIV Ab/Ag","CAJA DE 100",2,"CJA",null,null,{"v":11534,"d":"11,534.00"},{"v":23068,"d":"23,068.00"}]
[null,"2025-05-27","2025-07-29","PRUEBAS ESPECIALES","MAGLUMI LIGHT CHECK","CAJA DE 5",30,"CJA",null,null,{"v":20834,"d":"20,834.00"},{"v":625020,"d":"625,020.00"}]
[null,"2025-05-27","2025-07-29","PRUEBAS ESPECIALES","MAGLUMI MÓDULO REACTION","CAJAS DE 6 DE 64",6,"CJA",null,null,{"v":5325,"d":"5,325.00"},{"v":31950,"d":"31,950.00"}]
[null,"2025-05-27","2025-07-29","PRUEBAS ESPECIALES","MAGLUMI PROCALCITONINA O PCT","CAJA DE 100",0,"CJA",null,null,{"v":19880.64,"d":"19,880.64"},0]
[null,"2025-05-27","2025-07-29","PRUEBAS ESPECIALES","MAGLUMI PSA LIBRE","CAJA DE 100",5,"CJA",null,null,{"v":85100,"d":"85,100.00"},{"v":425500,"d":"425,500.00"}]
[null,"2025-05-27","2025-07-29","PRUEBAS ESPECIALES","MAGLUMI PSA TOTAL","CAJA DE 100",2,"CJA",null,null,{"v":29534,"d":"29,534.00"},{"v":59068,"d":"59,068.00"}]
[null,"2025-05-27","2025-07-29","PRUEBAS ESPECIALES","MAGLUMI STARTE I+ll","CAJA DE 10",14,"CJA",null,null,{"v":28534,"d":"28,534.00"},{"v":399476,"d":"399,476.00"}]
[null,"2025-05-27","2025-07-29","PRUEBAS ESPECIALES","MAGLUMI STARTE I+ll","UNIDADES",0,"CJA",null,null,{"v":17205,"d":"17,205.00"},0]
[null,"2025-05-27","2025-07-29","PRUEBAS ESPECIALES","MAGLUMI T3 TOTAL","CAJA DE 100",4,null,"UD",null,{"v":1720.5,"d":"1,720.50"},{"v":6882,"d":"6,882.00"}]
[null,"2025-05-27","2025-07-29","PRUEBAS ESPECIALES","MAGLUMI T4 LIBRE","CAJA DE 100",6,"CJA",null,null,{"v":12140,"d":"12,140.00"},{"v":72840,"d":"72,840.00"}]
[null,"2025-05-27","2025-07-29","PRUEBAS ESPECIALES","MAGLUMI T4 TOTAL","CAJA DE 100",6,"CJA",null,null,{"v":13140,"d":"13,140.00"},{"v":78840,"d":"78,840.00"}]
[null,"2025-05-27","2025-07-29","PRUEBAS ESPECIALES","MAGLUMI TSH","CAJA DE 100",2,"CJA",null,null,{"v":1214,"d":"1,214.00"},{"v":2428,"d":"2,428.00"}]
[null,"2025-05-27","2025-07-29","PRUEBAS ESPECIALES","MAGLUMI VITAMINA B12","CAJA DE 100",0,"CJA",null,null,{"v":14575,"d":"14,575.00"},0]
[null,"2025-05-27","2025-07-29","PRUEBAS ESPECIALES","TOXO IGG IGM MEMBRANA","CAJA DE 25",0,"CJA",null,null,{"v":28062,"d":"28,062.00"},0]
[null,"2025-05-27","2025-07-29","PRUEBAS ESPECIALES","TROPONINA I MAGLUMI",null,1400,"CJA",null,null,{"v":1767.75,"d":"1,767.75"},{"v":2474850,"d":"2,474,850.00"}]
[null,null,"2024-11-01","PRUEBAS ESPECIALES","TROPONINA MEMBRANA","CAJA DE 10",0,{"$nulls":4},0]
[null,"2024-10-30","2025-01-20","PRUEBAS ESPECIALES","WASH CONCENTRATE","CAJA DE 10",14,"CJA",null,null,{"v":5998.6,"d":"5,998.60"},{"v":83980.40000000001,"d":"83,980.40"}]
[null,"2025-01-16","2024-12-16","QUIMICA CLINICA","ÁCIDO ÚRICO","UNIDADES",4,"CJA",null,null,{"v":16719,"d":"16,719.00"},{"v":66876,"d":"66,876.00"}]
[null,"2024-12-13","2024-12-16","QUIMICA CLINICA","ALBÚMINA","UNIDADES",4,null,"UD",null,{"v":5695,"d":"5,695.00"},{"v":22780,"d":"22,780.00"}]
[null,"2024-12-13","2024-12-16","QUIMICA CLINICA","ALP-LQ FOSFATASA ALCALINA","UNIDADES",5,null,"UD",null,{"v":4032,"d":"4,032.00"},{"v":20160,"d":"20,160.00"}]
[null,"2024-12-13","2024-12-16","QUIMICA CLINICA","AMYLASE-LQ","UNIDADES",0,null,"UD",null,{"v":2526,"d":"2,526.00"},0]
[null,"2024-12-13","2024-12-16","QUIMICA CLINICA","BILIRRUBINA Directa","UNIDADES",1,null,"UD",null,{"v":12373,"d":"12,373.00"},{"v":12373,"d":"12,373.00"}]
[null,"2024-12-13","2024-12-16","QUIMICA CLINICA","BILIRRUBINA Total","UNIDADES",4,null,"UD",null,{"v":6794,"d":"6,794.00"},{"v":27176,"d":"27,176.00"}]
[null,"2024-12-13","2024-12-16","QUIMICA CLINICA","CALCIUM-AIII","UNIDADES",4,null,"UD",null,{"v":6794,"d":"6,794.00"},{"v":27176,"d":"27,176.00"}]
[null,"2024-12-13",null,"QUIMICA CLINICA","CALIBRADOR HBGLIC","UNIDADES",4,null,"UD",null,{"v":1767,"d":"1,767.00"},{"v":7068,"d":"7,068.00"}]
[null,null,"2025-03-19","QUIMICA CLINICA","CALIBRADOR SPIN","UNIDADES",5,null,"UD",null,"DONACION",0]
[null,"2025-03-17","2024-12-16","QUIMICA CLINICA","CK-MB","UNIDADES",0,null,"UD",null,{"v":6800,"d":"6,800.00"},0]
[null,"2024-12-13","2024-12-16","QUIMICA CLINICA","CK-NAC","UNIDADES",2,null,"UD",null,{"v":44282,"d":"44,282.00"},{"v":88564,"d":"88,564.00"}]
[null,"2024-12-13","2024-12-16","QUIMICA CLINICA","CLORO","UNIDADES",0,null,"UD",null,{"v":19025,"d":"19,025.00"},0]
[null,"2024-12-13","2025-03-19","QUIMICA CLINICA","COLESTEROL T total","UNIDADES",8,null,"UD",null,{"v":2132,"d":"2,132.00"},{"v":17056,"d":"17,056.00"}]
[null,"2025-03-17","2024-12-16","QUIMICA CLINICA","CONTROL HBGLIC","UNIDADES",4,null,"UD",null,{"v":9446,"d":"9,446.00"},{"v":37784,"d":"37,784.00"}]
[null,"2024-12-13","2025-03-19","QUIMICA CLINICA","CONTROL NORMAL","UNIDADES",12,null,"UD",null,{"v":35050,"d":"35,050.00"},{"v":420600,"d":"420,600.00"}]
[null,"2025-03-17","2025-03-19","QUIMICA CLINICA","CONTROL PATOLÓGICO","UNIDADES",9,null,"UD",null,{"v":1514,"d":"1,514.00"},{"v":13626,"d":"13,626.00"}]
[null,"2025-03-17","2024-12-16","QUIMICA CLINICA","CREATININA","UNIDADES",22,null,"UD",null,{"v":1593,"d":"1,593.00"},{"v":35046,"d":"35,046.00"}]
[null,"2024-12-13","2024-12-16","QUIMICA CLINICA","CUBETAS SPIN 230","CAJA DE 120",2160,null,"UD",null,{"v":4449,"d":"4,449.00"},{"v":9609840,"d":"9,609,840.00"}]
[null,"2024-12-13","2024-12-23","QUIMICA CLINICA","DETERGENTE -CD-90","UNIDADES",61,null,"UD",null,{"v":4369,"d":"4,369.00"},{"v":266509,"d":"266,509.00"}]
[null,"2024-12-17","2024-12-16","QUIMICA CLINICA","FÓSFORO","UNIDADES",1,null,"UD",null,{"v":2206.6,"d":"2,206.60"},{"v":2206.6,"d":"2,206.60"}]
[null,"2024-12-13","2024-12-16","QUIMICA CLINICA","GGT","UNIDADES",2,null,"UD",null,{"v":1337,"d":"1,337.00"},{"v":2674,"d":"2,674.00"}]
[null,"2024-12-13","2025-03-19","QUIMICA CLINICA","GLUCOSA","UNIDADES",14,null,"UD",null,{"v":10434,"d":"10,434.00"},{"v":146076,"d":"146,076.00"}]
[null,"2025-03-17","2025-02-25","QUIMICA CLINICA","GOT (AST) TGO","UNIDADES",3,null,"UD",null,{"v":5000,"d":"5,000.00"},{"v":15000,"d":"15,000.00"}]
[null,"2025-02-21","2025-02-25","QUIMICA CLINICA","GTP (ALT) TGP","UNIDADES",4,null,"UD",null,{"v":5469,"d":"5,469.00"},{"v":21876,"d":"21,876.00"}]
[null,"2025-02-21","2025-03-19","QUIMICA CLINICA","HDLc","UNIDADES",5,null,"UD",null,{"v":5469,"d":"5,469.00"},{"v":27345,"d":"27,345.00"}]
[null,"2025-03-17","2025-03-19","QUIMICA CLINICA","HEMOGLOBINA GLICOSILADA","UNIDADES",10,null,"UD",null,{"v":21372,"d":"21,372.00"},{"v":213720,"d":"213,720.00"}]
[null,"2025-03-17","2024-12-16","QUIMICA CLINICA","LDH","UNIDADES",5,null,"UD",null,{"v":30735,"d":"30,735.00"},{"v":153675,"d":"153,675.00"}]
[null,"2024-12-13","2025-03-19","QUIMICA CLINICA","LIPASE -LQ","UNIDADES",0,null,"UD",null,{"v":10961,"d":"10,961.00"},0]
[null,"2025-03-17","2024-12-16","QUIMICA CLINICA","MAGNESIO","UNIDADES",4,null,"UD",null,{"v":12995,"d":"12,995.00"},{"v":51980,"d":"51,980.00"}]
[null,"2024-12-13","2024-12-16","QUIMICA CLINICA","PROTEÍNAS TOTALES","UNIDADES",4,null,"UD",null,{"v":5860,"d":"5,860.00"},{"v":23440,"d":"23,440.00"}]
[null,"2024-12-13","2024-12-16","QUIMICA CLINICA","SODIO","UNIDADES",0,null,"UD",null,{"v":1411,"d":"1,411.00"},0]
[null,"2024-12-13","2024-12-16","QUIMICA CLINICA","TRIGLICÉRIDO","UNIDADES",20,null,"UD",null,{"v":7865,"d":"7,865.00"},{"v":157300,"d":"157,300.00"}]
[null,"2024-12-13","2025-03-19","QUIMICA CLINICA","UREA","UNIDADES",22,null,"UD",null,{"v":19126,"d":"19,126.00"},{"v":420772,"d":"420,772.00"}]
[null,"2025-03-17","2024-12-16","TOMA DE MUESTRA","AGUA DESTILADA","GALONES",547,null,"UD",null,{"v":102,"d":"102.00"},{"v":55794,"d":"55,794.00"}]
[null,"2024-12-13","2024-03-22","TOMA DE MUESTRA","APLICADORES DE MADERA","CAJAS DE 1000",3000,null,"UD",null,{"v":130,"d":"130.00"},{"v":390000,"d":"390,000.00"}]
[null,"2024-03-20","2024-12-23","TOMA DE MUESTRA","FRASCOS DE ORINA","CAJAS DE 500",2,"CJA",null,null,{"v":493,"d":"493.00"},{"v":986,"d":"986.00"}]
[null,"2024-12-18","2024-12-23","TOMA DE MUESTRA","TIRAS DE ORINA","CAJAS DE 100",24,null,"UD",null,575.65,{"v":13815.599999999999,"d":"13,815.60"}]
[null,"2024-12-20","2024-12-23","TOMA DE MUESTRA","TIPS AMARILLOS","PAQUETES DE 500",800,"CJA",null,null,{"v":567,"d":"567.00"},{"v":453600,"d":"453,600.00"}]
[{"$nulls":3},"TOMA DE MUESTRA","TIRA DE ORINA","UNIDADES",24,null,"UD",null,null,0]
[{"$nulls":3},"TOMA DE MUESTRA","SANGRE OCULTA","UNIDADES",400,null,"UD",null,null,0]
[null,"2024-12-20","2024-12-23","TOMA DE MUESTRA","TIPS AZULES","PAQUETES DE 500",1200,null,null,"PAQ",{"v":1194.16,"d":"1,194.16"},{"$f":"G138*K138","v":{"v":1432992,"d":"1,432,992.00"}}]
[null,"2024-12-20","2025-03-26","TOMA DE MUESTRA","PIPETAS DE PASTEUR PLASTICAS","PAQUETES DE 200",3,null,null,"PAQ",{"v":427,"d":"427.00"},{"v":1281,"d":"1,281.00"}]
[null,"2025-03-24","2024-10-28","TOMA DE MUESTRA","PORTAOBJETOS","CAJAS DE 72",3130,null,null,"PAQ",410.64,{"v":1285303.2,"d":"1,285,303.20"}]
[null,"2024-10-24","2024-10-28","TOMA DE MUESTRA","SANGRE OCULTA","CAJAS DE 100",400,"CJA",null,null,{"v":171.1,"d":"171.10"},{"v":68440,"d":"68,440.00"}]
[null,"2024-10-24","2024-12-23","TOMA DE MUESTRA","TUBOS 12X75 MM","PAQ DE 500 ",2,"CJA",null,null,{"v":5430,"d":"5,430.00"},{"v":10860,"d":"10,860.00"}]
[null,"2025-10-03","2025-10-06","TOMA DE MUESTRA","TUBOS 13X75 MM","PAQ DE 250",0,null,null,"PAQ",7.08,0]
[null,"2024-12-20","2024-12-23","TOMA DE MUESTRA","TUBOS 13X100 MM","PAQUETE DE 500",0,null,null,"PAQ",{"v":5,"d":"5.00"},0]
[null,"2024-12-23","2024-12-23","TOMA DE MUESTRA","TUBOS MORADOS PAQ DE 100 ","CAJAS DE 1200",76,null,null,"PAQ",{"v":667,"d":"667.00"},{"v":50692,"d":"50,692.00"}]
[null,"2024-12-20","2024-03-22","TOMA DE MUESTRA","TUBOS ROJOS","CAJAS DE 1000",22,"CJA",null,null,{"v":893,"d":"893.00"},{"v":19646,"d":"19,646.00"}]
[null,"2024-03-18","2024-03-22","TOMA DE MUESTRA","TUBOS ROJOS","CAJAS DE 1800",0,"CJA",{"$nulls":3},0]
[null,"2024-03-19","2024-03-22","TOMA DE MUESTRA","TUBOS ROJOS","PAQUETES DE 100 ",110,null,null,"PAQ",{"v":685,"d":"685.00"},{"v":75350,"d":"75,350.00"}]
[null,"2024-03-20","2024-12-16","TOMA DE MUESTRA","TUBOS TAPA AMARILLA 12X75mm","CAJA DE 1200",0,null,"UD",null,{"v":6,"d":"6.00"},0]
[null,"2024-12-13","2024-12-16","TOMA DE MUESTRA","TUBOS TAPA AMARILLA 12X75mm","UNIDADES",0,"CJA",null,null,{"v":6000,"d":"6,000.00"},0]
[null,"2024-12-13","2024-12-23","TOMA DE MUESTRA","TUBOS TAPA AMARILLA 13X100 mm"," CAJA DE 1200 ",12,null,null,"PAQ",{"v":1074,"d":"1,074.00"},{"v":12888,"d":"12,888.00"}]
[null,"2024-12-18","2024-12-23","TOMA DE MUESTRA","TUBOS TAPA AMARILLA 13X100 mm","UNIDADES",800,{"$nulls":3},{"v":89.5,"d":"89.50"},{"v":71600,"d":"71,600.00"}]
[null,"2024-12-18","2024-12-16","TOMA DE MUESTRA","TUBOS TAPA AZUL","CAJA DE 1200",12000,null,null,"PAQ",6.25,{"v":75000,"d":"75,000.00"}]
[null,"2025-05-19","2025-05-22","TOMA DE MUESTRA","TRANSCUL","UD",700,null,"UD",null,null,0]
["T","2025-10-02","2025-10-05","TOMA DE MUESTRA","TORNIQUETES","UNIDADES",40,null,"UD",null,7.53,{"v":301.2,"d":"301.20"}]
[null,"2025-10-03","2025-10-06","TOMA DE MUESTRA","GRADILLAS DE METAL ","UNIDADES",10,null,"UD",null,{"v":1243,"d":"1,243.00"},{"v":12430,"d":"12,430.00"}]
[{"$nulls":3},"TOMA DE MUESTRA","VACUTAIMER","UNIDADES",3200,null,"UD",null,null,0]
[{"$nulls":3},"MUESTRAS DE ORINA","TIRILLAS DE PROTEINAS","UNIDADES",100,{"$nulls":4},0]
[{"$nulls":3},"MUESTRAS DE ORINA","TIRILLAS DE GLUCOSA","UNIDADES",100,null,"UD ",null,null,0]
[null,"2025-05-19","2025-05-22","QUIMICA CLINICA","ACIDO URICO AUTOQUANT","UD",4,null,"UD",null,{"v":5695,"d":"5,695.00"},{"$f":"G160*K160","v":{"v":22780,"d":"22,780.00"}}]
[null,"2025-05-19","2025-05-22","QUIMICA CLINICA","FOSFORO AUTOQUANT","UD",4,null,"UD",null,{"v":2373,"d":"2,373.00"},{"v":9492,"d":"9,492.00"}]
[null,"2025-05-19","2025-05-22","QUIMICA CLINICA","HDL COLESTEROL AUTOQUANT","UD",3,null,"UD",null,{"v":21372,"d":"21,372.00"},{"v":64116,"d":"64,116.00"}]
[null,"2025-07-18","2025-07-20","QUIMICA CLINICA","UREA AUTOQUANT","UD",7,null,"UD",null,{"v":14175,"d":"14,175.00"},{"v":99225,"d":"99,225.00"}]
[null,"2025-07-18","2025-07-20","QUIMICA CLINICA","GPT/TGP AUTOQUANT","UD",5,null,"UD",null,{"v":5469,"d":"5,469.00"},{"v":27345,"d":"27,345.00"}]
[null,"2025-07-18","2025-07-20","QUIMICA CLINICA","GOT/TGO AUTOQUANT","UD",5,null,"UD",null,{"v":5469,"d":"5,469.00"},{"v":27345,"d":"27,345.00"}]
[null,"2025-07-18","2025-07-20","QUIMICA CLINICA","CREATININA AUTOQUANT","UD",7,null,"UD",null,{"v":4449,"d":"4,449.00"},{"v":31143,"d":"31,143.00"}]
[null,"2025-09-15","2025-09-18","QUIMICA CLINICA","CALIBRADOR AUTOQUANT","UD",4,null,"UD",null,{"v":7854,"d":"7,854.00"},{"v":31416,"d":"31,416.00"}]
[{"$nulls":3},"QUIMICA CLINICA","CUBETAS (AUTOQUANT)","UD",750,null,"UD"]
[null,"2025-07-18","2025-07-20","QUIMICA CLINICA","CELESTEROL T AUTOQUANT","UD",4,null,"UD",null,{"v":9446,"d":"9,446.00"},{"v":37784,"d":"37,784.00"}]
[null,"2025-07-18","2025-07-20","QUIMICA CLINICA","LDH","UD",3,null,"UD",null,{"v":10961,"d":"10,961.00"},{"v":32883,"d":"32,883.00"}]
[null,"2025-07-18","2025-07-20","QUIMICA CLINICA","BILIRRUBINA TOTAL AUTOQUANT","UD",1,null,"UD",null,{"v":6794,"d":"6,794.00"},{"v":6794,"d":"6,794.00"}]
[null,"2025-07-18","2025-07-20","QUIMICA CLINICA","BILIRRUBINA DIRECTA AUTOQUAN","UD",2,null,"UD",null,{"v":6794,"d":"6,794.00"},{"v":13588,"d":"13,588.00"}]
[null,"2025-07-18","2025-07-20","QUIMICA CLINICA","RAYTO PT","UD",10,null,"UD",null,{"v":536,"d":"536.00"},{"v":5360,"d":"5,360.00"}]
[null,"2025-07-18","2025-07-20","QUIMICA CLINICA","RAYTO PTT","UD",10,null,"UD",null,{"v":576,"d":"576.00"},{"v":5760,"d":"5,760.00"}]
[null,"2025-07-18","2025-07-20","QUIMICA CLINICA","PROTEINA TOTAL AUTOQUANT","UD",1,null,"UD",null,{"v":4181,"d":"4,181.00"},{"v":4181,"d":"4,181.00"}]
[null,"2025-05-19","2025-05-22","QUIMICA CLINICA","GGT AUTOQUANT","UD",1,null,"UD",null,{"v":11526,"d":"11,526.00"},{"v":11526,"d":"11,526.00"}]
[null,"2025-07-18","2025-07-20","QUIMICA CLINICA","GLUCOSA AUTOQUANT","UD",4,null,"UD",null,{"v":6982,"d":"6,982.00"},{"v":27928,"d":"27,928.00"}]
[null,"2025-07-18","2025-07-20","QUIMICA CLINICA","CALCIO AUTOQUANT","UD",1,null,"UD",null,{"v":2543,"d":"2,543.00"},{"v":2543,"d":"2,543.00"}]
[null,"2025-07-18","2025-07-20","QUIMICA CLINICA","MAGNECIO AUTOQUANT","UD",1,null,"UD",null,{"v":4122,"d":"4,122.00"},{"v":4122,"d":"4,122.00"}]
[null,"2025-07-18","2025-07-20","QUIMICA CLINICA","FOSFATASA ALCALINA AUTOQUANT","UD",2,null,"UD",null,{"v":5438,"d":"5,438.00"},{"v":10876,"d":"10,876.00"}]
[null,"2025-07-18","2025-07-20","QUIMICA CLINICA","PAPEL PARA EDAN (PAPEL TERMICO) ","UNIDADES",50,null,"UD",null,{"v":51,"d":"51.00"},{"$f":"G181*K181","v":{"v":2550,"d":"2,550.00"}}]
[null,"2025-07-18","2025-07-20","QUIMICA CLINICA","CALIBRADOR ESTANDAR SOLUTION","UD",4,null,"UD",null,{"v":21788,"d":"21,788.00"},{"v":87152,"d":"87,152.00"}]
[null,"2025-07-18","2025-07-20","USO GENERAL DE LB. ","CONDICION SOLUTION","UNIDADES",1,null,"UD",null,{"v":2348,"d":"2,348.00"},{"v":2348,"d":"2,348.00"}]
[null,"2025-07-09","2025-07-10","USO GENERAL DE LB. ","TERMOMETROS","UNIDADES",2,null,"UD",null,{"v":396,"d":"396.00"},{"v":792,"d":"792.00"}]
[null,"2025-10-02","2025-10-05","PARASITOLOGIA ","LUGOR (YODO) ","UNIDADES",1,null,"UD",null,{"v":1582,"d":"1,582.00"},{"v":1582,"d":"1,582.00"}]
[null,"Total",{"$nulls":9},{"$f":"SUM(L8:L185)","v":{"v":27633087.036000002,"d":"27,633,087.04"}}]
[{"$nulls":11},"."]

{"sheet":"Hoja2","index":1,"n_rows":0,"n_cols":0,"rows_kept":0}

{"sheet":"Hoja3","index":2,"n_rows":0,"n_cols":0,"rows_kept":0}